header

Capital controls and capital flows in emerging economies (Record no. 5938)

MARC details
000 -LEADER
fixed length control field 01485nam a2200349 a 4500
001 - CONTROL NUMBER
control field ebr10275447
003 - CONTROL NUMBER IDENTIFIER
control field CaPaEBR
006 - FIXED-LENGTH DATA ELEMENTS--ADDITIONAL MATERIAL CHARACTERISTICS--GENERAL INFORMATION
fixed length control field m u
007 - PHYSICAL DESCRIPTION FIXED FIELD--GENERAL INFORMATION
fixed length control field cr cn|||||||||
008 - FIXED-LENGTH DATA ELEMENTS--GENERAL INFORMATION
fixed length control field 060530s2007 ilua sb 101 0 eng
010 ## - LIBRARY OF CONGRESS CONTROL NUMBER
Canceled/invalid LC control number 2006045683
020 ## - INTERNATIONAL STANDARD BOOK NUMBER
Cancelled/invalid ISBN 9780226184975 (cloth : alk paper)
Cancelled/invalid ISBN 0226184978 (cloth : alk paper)
040 ## - CATALOGING SOURCE
Original cataloging agency CaPaEBR
Transcribing agency CaPaEBR
035 ## - SYSTEM CONTROL NUMBER
System control number (OCoLC)646795952
043 ## - GEOGRAPHIC AREA CODE
Geographic area code d------
050 14 - LIBRARY OF CONGRESS CALL NUMBER
Classification number HG3891
Item number .C356 2007eb
082 04 - DEWEY DECIMAL CLASSIFICATION NUMBER
Classification number 332/.042409172
Edition number 22
084 ## - OTHER CLASSIFICATION NUMBER
Classification number 83.50
Source of number bcl
245 00 - TITLE STATEMENT
Title Capital controls and capital flows in emerging economies
Medium [electronic resource] :
Remainder of title policies, practices, and consequences /
Statement of responsibility, etc edited by Sebastian Edwards.
260 ## - PUBLICATION, DISTRIBUTION, ETC. (IMPRINT)
Place of publication, distribution, etc Chicago :
Name of publisher, distributor, etc University of Chicago Press,
Date of publication, distribution, etc c2007.
300 ## - PHYSICAL DESCRIPTION
Extent ix, 688 p. :
Other physical details ill.
490 1# - SERIES STATEMENT
Series statement A National Bureau of Economic Research conference report
504 ## - BIBLIOGRAPHY, ETC. NOTE
Bibliography, etc Includes bibliographical references and indexes.
533 ## - REPRODUCTION NOTE
Type of reproduction Electronic reproduction.
Place of reproduction Palo Alto, Calif. :
Agency responsible for reproduction ebrary,
Date of reproduction 2013.
Note about reproduction Available via World Wide Web.
-- Access may be limited to ebrary affiliated libraries.
650 #0 - SUBJECT ADDED ENTRY--TOPICAL TERM
Topical term or geographic name as entry element Capital movements
Geographic subdivision Developing countries
Form subdivision Congresses.
655 #7 - INDEX TERM--GENRE/FORM
Genre/form data or focus term Electronic books.
Source of term local
700 1# - ADDED ENTRY--PERSONAL NAME
Personal name Edwards, Sebastian,
Dates associated with a name 1953-
710 2# - ADDED ENTRY--CORPORATE NAME
Corporate name or jurisdiction name as entry element ebrary, Inc.
830 #0 - SERIES ADDED ENTRY--UNIFORM TITLE
Uniform title National Bureau of Economic Research conference report.
856 40 - ELECTRONIC LOCATION AND ACCESS
Uniform Resource Identifier <a href="http://site.ebrary.com/lib/rucke/Doc?id=10275447">http://site.ebrary.com/lib/rucke/Doc?id=10275447</a>
Public note An electronic book accessible through the World Wide Web; click to view

No items available.

© 2026 Rongo University
Contact us: librarian | system librarian | Rongo university